000 00653nam a2200193Ia 4500
005 20260601193219.0
008 260601s9999||||xx |||||||||||||| ||und||
020 _a978-3-031-45878-1
_qebk
100 _aDeepak Puthal
245 0 _aInternet of Things. Advances in Information and Communication Technology
250 _a2024
260 _aHeidelberg, Germany
_bSpringer Nature
_c2024
440 _aIFIP Advances in Information and Communication Technology
650 _aComputer Science
700 _aBaek-Young Choi
700 _aSaraju Mohanty
856 _uhttps://link.springer.com/openurl?genre=book&isbn=978-3-031-45878-1
942 _cEB
_2ddc
999 _c55754
_d55754